LinKnot : knot theory by computer

Saved in:
Bibliographic Details
Main Author: Jablan, Slavik V.
Other Authors: Sazdanovic, Radmila
Format: Book
Language:English
Published: Hackensack, NJ : World Scientific, c2007
Series:K & E series on knots and everything ; ; 21
Subjects:
Tags: Add Tag
No Tags, Be the first to tag this record!

MARC

LEADER 00000nam a2200000 i 4500
001 1/84321
008 080509s2007 eng d
020 |a 978-981-277-223-7 
020 |a 981-277-223-5 
035 |l 10097160 
040 |a GR-MY-UA  |b gre  |e aacr 
041 0 |a eng 
082 0 |a 514.224  |2 (22) 
100 1 |a Jablan, Slavik V. 
245 1 0 |a LinKnot :  |b knot theory by computer /  |c Slavik Jablan, Radmila Sazdanovic 
260 |a Hackensack, NJ :   |b World Scientific,   |c c2007 
300 |a ix, 485 σ.;  |b εικ.;  |c 24 εκ. 
490 1 |a K & E series on knot and everything  |v ; 21 
504 |a Περιέχει βιβλιογραφικές παραπομπές (σ. 459-474) και ευρετήριο 
650 0 0 |a Knot theory  |x Data processing. 
650 0 0 |a Link theory  |x Data processing. 
700 1 |a Sazdanovic, Radmila. 
830 0 |a K & E series on knots and everything ;  |v ; 21 
852 |a INST  |b SAMOS  |e 20080509  |h 514.224 JAB  |p 005300030409  |q 005300030409  |t BK  |y 0 
901 |a BIBL3-2008-2 
909 |a Σ  |b 152434 
922 |a 3ΕΛΗ  |b 200803  |c ΕΠΕΑΕΚ2/ΤΜΗΜΑ ΜΑΘΗΜΑΤΙΚΩΝ  |d ΠΑΠΑΣΩΤΗΡΙΟΥ 
970 |a ΡΟΥΣΣΟΥ  |b ΚΩΝΣΤΑΝΤΙΝΑ  |z 2008/05/09